000
002850000a22000970004500
100
1
_a
Batista, Israel
245
1
0
_a
La presencia del Consejo Mundial de Iglesias en América Latina
300
_a
Vol. 18, Num 2 (Octubre, 1998), Páginas 49-69
773
0
_t
Vida y pensamiento
942
_c
ANA
999
_c
53092
_d
53092